| 000 | 00362nam a2200145Ia 4500 | ||
|---|---|---|---|
| 008 | 230917s9999||||xx |||||||||||||| ||und|| | ||
| 040 |
_e66267 _aMAIN |
||
| 041 | _aEnglish | ||
| 082 | _a150 D428U | ||
| 100 | _aDenny, M Ray | ||
| 245 | 0 | _aUnderstanding behavior: foundations and applications | |
| 260 |
_aGeneva _bPaladin |
||
| 300 | _axv, 566 p. | ||
| 942 | _cBK | ||
| 999 |
_c38468 _d38468 |
||